000 00333nam a2200145Ia 4500
100 _aPatil/M.B/ Ramanarayanan/V
650 _aPower electronics
942 _cBK
366 _f20
245 _aSimulation of Power electronics circuits
260 _bNarosa
_c2009
082 _a621.317
_bPAT
546 _aENGLISH
_cTTL
999 _c27146
_d27146